000 01151naa a22003257a 4500
001 BR8106972
003 BR-BrBNA
005 20240918175045.0
007 ta
008 230509b bl.||||| |||| 00| 0 por d
040 _aBR-BrBNA
_bpor
_cBiblioteca Nacional de Agricultura
041 _a(Pt)
072 _aH20; F00
_b0120
_b3575
_bG514
090 _aH20 BR8106972
100 1 _aAlmeida, A.M.P.
111 1 _a26. Reuniao Tecnica Anual do Milho
_cPorto Alegre, RS (Brazil)
_d11 Aug 1981
245 1 _aAvaliacao da incidencia de microorganismos em sementes de milho observados em espigas por ocasiao da colheita [Zea mays, Brasil]
260 3 _aPorto Alegre, RS (Brasil):
_c1981.
500 _aAta da 26. Reuniao Tecnica Anual do Milho Porto Alegre, RS (Brasil): 1981. p. 280-292 (BR8106972-AM)H20
650 _aMICRORGANISMO
650 _aFUNGO
650 _aBACTERIA
650 _aVIRUS
650 _aSEMENTE
650 _aESPIGA
650 _aMILHO
773 0 _tAta da 26. Reuniao Tecnica Anual do Milho
_wH20 BR8106972
_gPorto Alegre, RS (Brasil), 1981. p. 280-292
909 _a202404
_bLucia
_c55
_dLucia Elande
942 _cAM
_2AGRIS
999 _c314761
_d314761